000 00839nam a2200205Ia 4500
003 GCL
008 140319s9999 xx 000 0 ara d
040 _aGCL /
_cGCL
082 0 4 _a
_b260.3
_bع م
100 1 _aعبدالحميد صالح حمدان
245 1 0 _aمصطلحات التصوف :
_bمن واقع كتابه مراجع التشوف الى حقائق التصوف /
_cعبدالحميد صالح حمدان
700 1 _aابن عجيبة : ابوالعباس احمد بن محمد بن المهدى الحسينى الانجرى
250 _aالاولى
260 _aالقاهرة :
_bمكتبة مدبولى ،
_c1999
300 _a39،48 ص ؛
_c12 سم
650 0 4 _aالدين الاسلامى
650 0 4 _aالتصوف - معاجم
650 0 4 _aالتصوف الاسلامى - معاجم
942 _2ddc
_cBK
999 _c7365
_d7365